Proyecciones morales y cívicas / (Registro nro. 12836)
[ vista simple ]
| 000 -LIDER | |
|---|---|
| fixed length control field | 00733nam a22002417a 4500 |
| 003 - IDENTIFICACDOR DE NÚMERO DE CONTROL | |
| control field | DO-SdBNP |
| 005 - DATE AND TIME OF LATEST TRANSACTION | |
| control field | 20171110094002.0 |
| 008 - ELEMENTOS DE LONGITUD FIJA | |
| fixed length control field | 171110b 2005| |||| 00| 0 spa d |
| 020 ## - ISBN | |
| International Standard Book Number | 9993439223 |
| 040 ## - FUENTE DE CATALOGACIÓN | |
| Agencia que crea de manera original el registro | BPMSU |
| Idioma de catalogación | spa |
| Agencia que realiza la transcripción | BPMSU |
| 082 ## - NÚMERO DE CLASIFICACIÓN DECIMAL DE DEWEY | |
| Classification number | xxxxx |
| Item number | xxxxx |
| 100 1# - ASIENTO PRINCIPAL -- NOMBRE PERSONAL | |
| Nombre personal | Silié Gatón, Domingo, |
| Fechas asociadas con el nombre | 1923- |
| 245 10 - MENCIÓN DE TITULO | |
| Título | Proyecciones morales y cívicas / |
| Mención de responsabilidad | Domingo Silié Gatón ; prólogo José Rijo |
| 250 ## - MENCIÓN DE EDICION | |
| Mención de edición | 2 |
| 260 ## - PUBLICACIÓN, DISTRIBUCIÓN, ETC. (PIE DE IMPRENTA) | |
| Lugar de publicación, distribución, etc | Santo Domingo : Ediciones Librería la Trinitaria |
| 300 ## - DESCRIPCIÓN FÍSICA | |
| Extensión | 116 p. ; |
| Dimensiones | 22 cm. |
| 700 1# - ASIENTO SECUNDARIO -- NOMBRE PERSONAL | |
| Nombre personal | Rijo, José, |
| Mención de responsabilidad | pról. |
| 852 ## - LOCALIZACIÓN | |
| Número de copia | 1 |
| 856 ## - UBICACIÓN ELECTRÓNICA Y ACCESO | |
| Materiales especificados | Archivo Digital Biblioteca Nacional |
| 856 ## - UBICACIÓN ELECTRÓNICA Y ACCESO | |
| Identificador Uniforme del Recurso (“URI”) | biblio.bnphu.gob.do/Archivos_Digitales/PDF |
| 942 ## - ADDED ENTRY ELEMENTS (KOHA) | |
| Source of classification or shelving scheme | Dewey Decimal Classification |
| Koha item type | Libros |
| 956 ## - LOCAL ELECTRONIC LOCATION AND ACCESS (OCLC) | |
| Nombre de host | BTAVAREZ |
| Número de acceso | 10 |
| Información de compresión | 20171110 |
| Trayectoria | 0038 |
| Withdrawn status | Lost status | Source of classification or shelving scheme | Damaged status | Not for loan | Collection code | Home library | Current library | Date acquired | Total Checkouts | Full call number | Barcode | Date last seen | Price effective from | Koha item type |
|---|---|---|---|---|---|---|---|---|---|---|---|---|---|---|
| Dewey Decimal Classification | Colección Dominicana | Biblioteca Pública Metropolitana Salomé Ureña | Biblioteca Pública Metropolitana Salomé Ureña | 11/10/2017 | xxxxx xxxxx | BPMSU17110131 | 11/10/2017 | 11/10/2017 | Libros |